Oil from rubber seeds (Record no. 64332)

MARC details
000 -LEADER
fixed length control field 00347nam a2200133Ia 4500
100 ## - MAIN ENTRY--AUTHOR NAME
Personal name Dayaratne W C
245 #0 - TITLE STATEMENT
Title Oil from rubber seeds
260 ## - PUBLICATION, DISTRIBUTION, ETC. (IMPRINT)
Name of publisher Rubber Research Institute of Sri Lanka Bulletin
Year of publication 1973
300 ## - PHYSICAL DESCRIPTION
Number of Pages 20-21
650 ## - SUBJECT ADDED ENTRY--TOPICAL TERM
Topical Term Rubber seed
650 ## - SUBJECT ADDED ENTRY--TOPICAL TERM
Topical Term Rubber seed oil
942 ## - ADDED ENTRY ELEMENTS (KOHA)
Koha item type Journals
Holdings
Withdrawn status Lost status Damaged status Not for loan Home library Current library Shelving location Date acquired Serial Enumeration / chronology Koha item type
      Journals RRII Library RRII Library Rubber general 17/12/2021 Volume 8, Issue 04-Mar Journals